[Event "Stuttgart-chA int"]
[Site "Ditzingen"]
[Date "2013.05.10"]
[Round "3"]
[White "Giricz, Thomas"]
[Black "Helmich, Joerg"]
[Result "1-0"]
[WhiteElo "1875"]
[BlackElo "1803"]
[PlyCount "75"]
[EventDate "2013.05.09"]
[EventType "swiss"]
[EventRounds "7"]
[EventCountry "GER"]
[SourceTitle "EXT 2014"]
[Source "ChessBase"]
[SourceDate "2013.11.20"]
[SourceVersion "1"]
[SourceVersionDate "2013.11.20"]
[SourceQuality "1"]

1. e4 e5 2. Nf3 Nf6 3. Nxe5 d6 4. Nf3 Nxe4 5. d4 d5 6. Bd3 Nc6 7. 0-0 Be7 8. Re1 Nf6 9. h3 Be6 10. c3 0-0 11. Ng5 Bd7 12. Bf4 h6 13. Nf3 Be6 14. Bc2 Re8 15. Qd3 Bf8 16. Ne5 Ne7 17. g4 g6 18. Nd2 Bg7 19. Bg3 Nd7 20. f4 Nxe5 21. fxe5 c6 22. Rf1 Rf8 23. Bh4 Qd7 24. Kh2 Qc7 25. Bf6 Bxf6 26. Rxf6 Kg7 27. Rg1 a5 28. h4 h5 29. gxh5 Bf5 30. Rxf5 Nxf5 31. Qxf5 Qe7 32. Nf3 Rh8 33. hxg6 Rxh4+ 34. Nxh4 Qxh4+ 35. Kg2 fxg6 36. Qxg6+ Kh8 37. Rh1 Qxh1+ 38. Kxh1 1-0

[Event "Stuttgart-chA int"]
[Site "Ditzingen"]
[Date "2013.05.09"]
[Round "1"]
[White "Giricz, Thomas"]
[Black "Wenner, Tobias"]
[Result "0-1"]
[WhiteElo "1875"]
[BlackElo "2111"]
[PlyCount "68"]
[EventDate "2013.05.09"]
[EventType "swiss"]
[EventRounds "7"]
[EventCountry "GER"]
[SourceTitle "EXT 2014"]
[Source "ChessBase"]
[SourceDate "2013.11.20"]
[SourceVersion "1"]
[SourceVersionDate "2013.11.20"]
[SourceQuality "1"]

1. e4 c5 2. Nf3 Nc6 3. d4 cxd4 4. Nxd4 Nf6 5. Nc3 d6 6. Be3 e6 7. h3 Be7 8. g4 h6 9. Bg2 Bd7 10. Qe2 a6 11. f4 Qc7 12. 0-0-0 0-0-0 13. Kb1 Nxd4 14. Bxd4 e5 15. Nd5 Nxd5 16. exd5 Bb5 17. c4 Ba4 18. fxe5 Bxd1 19. Rxd1 Kb8 20. c5 dxc5 21. d6 Qb6 22. Rc1 Rc8 23. Rc3 cxd4 24. Rb3 Bg5 25. Qe1 Qxb3 26. axb3 Rc1+ 27. Qxc1 Bxc1 28. Kxc1 Re8 29. Kd2 Rxe5 30. d7 Kc7 31. Bxb7 a5 32. Bc6 Re3 33. Bd5 f6 34. h4 Kxd7 0-1

[Event "Stuttgart-chA int"]
[Site "Ditzingen"]
[Date "2013.05.09"]
[Round "2"]
[White "Schuster, Gerhard"]
[Black "Giricz, Thomas"]
[Result "1-0"]
[WhiteElo "2017"]
[BlackElo "1875"]
[PlyCount "71"]
[EventDate "2013.05.09"]
[EventType "swiss"]
[EventRounds "7"]
[EventCountry "GER"]
[SourceTitle "EXT 2014"]
[Source "ChessBase"]
[SourceDate "2013.11.20"]
[SourceVersion "1"]
[SourceVersionDate "2013.11.20"]
[SourceQuality "1"]

1. e4 c5 2. Nf3 e6 3. c3 d5 4. exd5 exd5 5. d4 Nf6 6. Bg5 c4 7. b3 cxb3 8. axb3 Be7 9. Bd3 0-0 10. 0-0 Nc6 11. Nbd2 Qc7 12. Qc2 h6 13. Bh4 Bg4 14. Bf5 Qf4 15. Bxg4 Qxg4 16. Rfe1 a6 17. Bg3 Rac8 18. Qd3 Nh5 19. Ne5 Nxe5 20. Rxe5 Nxg3 21. Rxe7 Nh5 22. Rxb7 Nf4 23. Qf3 Qxf3 24. Nxf3 Rxc3 25. h4 Re8 26. Rxa6 Re2 27. Ra8+ Kh7 28. Rxf7 Nd3 29. Raa7 Rxb3 30. Rxg7+ Kh8 31. Rgd7 Rb8 32. Rd6 Nxf2 33. Rxh6+ Kg8 34. Rg6+ Kh8 35. Ng5 Rc2 36. Rh7# 1-0

[Event "Stuttgart-chA int"]
[Site "Ditzingen"]
[Date "2012.05.17"]
[Round "2"]
[White "Gabriel, Josef"]
[Black "Giricz, Thomas"]
[Result "1-0"]
[WhiteElo "2180"]
[BlackElo "1874"]
[PlyCount "79"]
[EventDate "2012.05.17"]
[EventType "swiss"]
[EventRounds "7"]
[EventCountry "GER"]
[SourceTitle "EXT 2018"]
[Source "ChessBase"]
[SourceDate "2017.10.13"]
[SourceVersion "1"]
[SourceVersionDate "2017.10.13"]
[SourceQuality "1"]

1. e4 c5 2. Nf3 e6 3. d3 Nc6 4. g3 g6 5. Bg2 d6 6. 0-0 Bg7 7. c3 Nge7 8. Bg5 Rb8 9. Qd2 b5 10. Na3 b4 11. Nc4 d5 12. exd5 exd5 13. Ne3 0-0 14. Rfe1 bxc3 15. bxc3 Qa5 16. Rac1 Be6 17. Nd1 Nf5 18. g4 Nd6 19. h3 Rb6 20. Bh6 Rfb8 21. Bxg7 Kxg7 22. Qf4 Nd8 23. Ng5 h6 24. Qe5+ Kg8 25. Nxe6 fxe6 26. Qf6 Kh7 27. Ne3 R6b7 28. Bxd5 Rf7 29. Qe5 exd5 30. Qxd6 Rbb7 31. Nxd5 Qxa2 32. Qxc5 Rb5 33. Nb4 Qa5 34. Qe3 Qc7 35. d4 a5 36. Nd3 Nc6 37. Nc5 Rb2 38. Rf1 Re7 39. Ne4 a4 40. d5 1-0

[Event "Stuttgart-chA int"]
[Site "Gerlingen"]
[Date "2011.06.04"]
[Round "6"]
[White "Giricz, Thomas"]
[Black "Hoeschele, Hans Ulrich"]
[Result "1/2-1/2"]
[WhiteElo "1840"]
[BlackElo "2146"]
[PlyCount "111"]
[EventDate "2011.06.02"]
[EventType "swiss"]
[EventRounds "7"]
[EventCountry "GER"]
[SourceTitle "EXT 2018"]
[Source "ChessBase"]
[SourceDate "2017.10.13"]
[SourceVersion "1"]
[SourceVersionDate "2017.10.13"]
[SourceQuality "1"]

1. e4 Nf6 2. e5 Nd5 3. d4 d6 4. c4 Nb6 5. f4 c6 6. Nc3 dxe5 7. fxe5 Bf5 8. Nf3 e6 9. Be3 Be7 10. Be2 0-0 11. 0-0 N8d7 12. Bd3 Bxd3 13. Qxd3 f6 14. exf6 Bxf6 15. Ne4 Qe7 16. Nxf6+ Nxf6 17. Ne5 Nfd7 18. Nxd7 Qxd7 19. Qc2 Rae8 20. b3 Rf5 21. Rxf5 exf5 22. Bf2 Re4 23. Qd2 Qe6 24. Re1 h6 25. h3 Nd7 26. a4 Nf6 27. Rxe4 fxe4 28. Be3 Kh7 29. Qb4 Qd7 30. Qc5 b6 31. Qe5 a6 32. Kh2 b5 33. axb5 axb5 34. g4 bxc4 35. bxc4 Kg6 36. g5 hxg5 37. Bxg5 Nh7 38. Be3 Qf5 39. Qe8+ Kf6 40. Qxc6+ Kf7 41. Qc7+ Kg6 42. Qg3+ Kf7 43. Qf4 Kg6 44. Qxf5+ Kxf5 45. Kg3 Nf6 46. Bd2 g5 47. d5 g4 48. hxg4+ Nxg4 49. c5 Nf6 50. d6 Ke6 51. Kf4 Nd7 52. Bb4 Kd5 53. Ba3 Nb8 54. Ke3 Nc6 55. Bb2 Nb8 56. Ba3 1/2-1/2

[Event "Stuttgart-chA int"]
[Site "Gerlingen"]
[Date "2011.06.02"]
[Round "1"]
[White "Giricz, Thomas"]
[Black "Gustain, Marc"]
[Result "0-1"]
[WhiteElo "1840"]
[BlackElo "2101"]
[PlyCount "68"]
[EventDate "2011.06.02"]
[EventType "swiss"]
[EventRounds "7"]
[EventCountry "GER"]
[SourceTitle "EXT 2018"]
[Source "ChessBase"]
[SourceDate "2017.10.13"]
[SourceVersion "1"]
[SourceVersionDate "2017.10.13"]
[SourceQuality "1"]

1. e4 c5 2. Nf3 d6 3. d4 cxd4 4. Nxd4 Nf6 5. Nc3 a6 6. Be3 e5 7. Nb3 Be6 8. Bg5 Be7 9. Bxf6 Bxf6 10. Nd5 Nd7 11. Be2 0-0 12. Qd3 Bg5 13. 0-0 Rc8 14. c3 Nb6 15. Ne3 Qc7 16. Rad1 Rfd8 17. g3 d5 18. exd5 Nxd5 19. Nxd5 Bxd5 20. Qc2 g6 21. a3 b5 22. Nd2 Bb7 23. Bf3 Rxd2 24. Rxd2 Bxf3 25. Rd3 Be4 26. Rfd1 Bxd3 27. Rxd3 Rd8 28. Qd1 Rxd3 29. Qxd3 Qd8 30. Qe4 Qd6 31. a4 Kg7 32. axb5 axb5 33. Qe2 Qd5 34. Qc2 e4 0-1

[Event "Stuttgart-chA int"]
[Site "Gerlingen"]
[Date "2007.05.17"]
[Round "2"]
[White "Giricz, Thomas"]
[Black "Bafounta, Denis"]
[Result "0-1"]
[WhiteElo "1847"]
[BlackElo "2195"]
[PlyCount "88"]
[EventDate "2007.05.17"]
[EventType "swiss"]
[EventRounds "7"]
[EventCountry "GER"]
[SourceTitle "EXT 2018"]
[Source "ChessBase"]
[SourceDate "2017.10.13"]
[SourceVersion "1"]
[SourceVersionDate "2017.10.13"]
[SourceQuality "1"]

1. e4 c5 2. Nf3 Nc6 3. d4 cxd4 4. Nxd4 Nf6 5. Nc3 d6 6. Bc4 Qb6 7. Nde2 e6 8. 0-0 Be7 9. Kh1 a6 10. Bb3 Ng4 11. Qe1 Bd7 12. Nf4 Rc8 13. f3 Nf6 14. Be3 Qc7 15. Rd1 b5 16. Nd3 Na5 17. Bf4 Nh5 18. Bd2 Nc4 19. Bc1 g5 20. Qf2 0-0 21. f4 h6 22. Qf3 Ng7 23. fxg5 hxg5 24. Ne2 Bc6 25. Ng3 f5 26. Qe2 f4 27. Nh5 e5 28. Nxg7 Kxg7 29. Nf2 Bd7 30. Ng4 Rh8 31. Nf2 Rh4 32. h3 Rch8 33. Rd3 g4 34. Rfd1 g3 35. Rf1 Qc8 36. Kg1 gxf2+ 37. Rxf2 Bg4 38. Qf1 Be6 39. Bxf4 exf4 40. Rxf4 Qc5+ 41. Kh1 Qg5 42. Rff3 Rf8 43. Rxf8 Bxf8 44. Qf2 Rf4 0-1

[Event "Stuttgart-chA int"]
[Site "Ditzingen"]
[Date "2006.05.26"]
[Round "4"]
[White "Kwossek, Georg"]
[Black "Giricz, Thomas"]
[Result "1-0"]
[WhiteElo "2065"]
[BlackElo "1651"]
[PlyCount "51"]
[EventDate "2006.05.25"]
[EventType "swiss"]
[EventRounds "7"]
[EventCountry "GER"]
[SourceTitle "EXT 2018"]
[Source "ChessBase"]
[SourceDate "2017.10.13"]
[SourceVersion "1"]
[SourceVersionDate "2017.10.13"]
[SourceQuality "1"]

1. d4 Nf6 2. Nf3 g6 3. c4 Bg7 4. Nc3 0-0 5. e4 d6 6. Be2 e5 7. 0-0 Nc6 8. d5 Ne7 9. b4 Nd7 10. Re1 f5 11. Bf1 f4 12. a4 a5 13. bxa5 Rxa5 14. Nd2 g5 15. Ba3 Nf6 16. c5 g4 17. Nc4 Ra6 18. Nb5 Ne8 19. Rc1 g3 20. hxg3 fxg3 21. fxg3 Ng6 22. cxd6 cxd6 23. Ncxd6 Nxd6 24. Nxd6 Qxd6 25. Bxd6 Rxd6 26. Rc7 1-0

[Event "Stuttgart-chA int"]
[Site "Ditzingen"]
[Date "2006.05.25"]
[Round "1"]
[White "Spielberger, Horst"]
[Black "Giricz, Thomas"]
[Result "1-0"]
[WhiteElo "2066"]
[BlackElo "1651"]
[PlyCount "131"]
[EventDate "2006.05.25"]
[EventType "swiss"]
[EventRounds "7"]
[EventCountry "GER"]
[SourceTitle "EXT 2018"]
[Source "ChessBase"]
[SourceDate "2017.10.13"]
[SourceVersion "1"]
[SourceVersionDate "2017.10.13"]
[SourceQuality "1"]

1. e3 Nf6 2. b3 d5 3. Bb2 Nbd7 4. Nf3 e6 5. Nc3 c5 6. Ne2 Bd6 7. Ng3 0-0 8. d4 Qc7 9. Be2 c4 10. c3 Ne8 11. bxc4 dxc4 12. Ne4 Be7 13. Qc2 Nb6 14. a4 a5 15. Neg5 Nf6 16. e4 h6 17. Nh3 Bd7 18. e5 Nfd5 19. Bd1 Bc6 20. Qe2 Rfd8 21. Bc2 Bf8 22. Nd2 Nxc3 23. Bxc3 Bxg2 24. Rg1 Bxh3 25. Qh5 Bf5 26. Bxf5 exf5 27. Qxf5 Nd5 28. Ne4 Qd7 29. Qxd7 Rxd7 30. Nf6+ Nxf6 31. exf6 Re8+ 32. Kd2 g6 33. Rae1 Ra8 34. Re5 Bd6 35. Re4 h5 36. f4 Kh7 37. Rg5 Re8 38. Ree5 Bxe5 39. fxe5 Re6 40. Ke3 b6 41. Ke4 b5 42. axb5 a4 43. Rg1 Rb6 44. Ra1 Ra7 45. d5 Rxb5 46. e6 Rb8 47. e7 g5 48. Kf5 Rd7 49. Rd1 Kh6 50. Be5 Ra8 51. d6 a3 52. Rg1 a2 53. Ra1 c3 54. Rxa2 Rc8 55. Rc2 Ra8 56. Rxc3 Rb8 57. Rc7 Rxc7 58. dxc7 Rc8 59. h3 Ra8 60. Bc3 Rg8 61. Bd2 Ra8 62. Bxg5+ Kh7 63. Bd2 Rc8 64. Ke5 Kg6 65. Kd6 Kxf6 66. Bc3+ 1-0

[Event "Stuttgart-chB int"]
[Site "Ditzingen"]
[Date "2005.05.07"]
[Round "6"]
[White "Giricz, Thomas"]
[Black "Kulinski, Patrick"]
[Result "0-1"]
[WhiteElo "1642"]
[BlackElo "1523"]
[PlyCount "44"]
[EventDate "2005.05.05"]
[EventType "swiss"]
[EventRounds "7"]
[EventCountry "GER"]
[SourceTitle "EXT 2018"]
[Source "ChessBase"]
[SourceDate "2017.10.13"]
[SourceVersion "1"]
[SourceVersionDate "2017.10.13"]
[SourceQuality "1"]

1. e4 c5 2. Nf3 e6 3. d4 cxd4 4. Nxd4 Bc5 5. Nb3 Nf6 6. Nxc5 Qa5+ 7. Nc3 Qxc5 8. Be2 b6 9. a3 Bb7 10. Be3 Qe7 11. f3 h6 12. Bc4 0-0 13. Qd2 d5 14. exd5 exd5 15. Be2 Re8 16. Kf2 Nc6 17. Bd4 Rad8 18. Rhe1 Ne4+ 19. Nxe4 dxe4 20. c3 Nxd4 21. Qxd4 Rxd4 22. cxd4 Qh4+ 0-1

[Event "Stuttgart-chB int"]
[Site "Ditzingen"]
[Date "2005.05.06"]
[Round "3"]
[White "Behm, Wilfried"]
[Black "Giricz, Thomas"]
[Result "0-1"]
[WhiteElo "1892"]
[BlackElo "1642"]
[PlyCount "52"]
[EventDate "2005.05.05"]
[EventType "swiss"]
[EventRounds "7"]
[EventCountry "GER"]
[SourceTitle "EXT 2018"]
[Source "ChessBase"]
[SourceDate "2017.10.13"]
[SourceVersion "1"]
[SourceVersionDate "2017.10.13"]
[SourceQuality "1"]

1. d4 Nf6 2. c4 g6 3. Nc3 Bg7 4. e4 d6 5. Bd3 c5 6. d5 0-0 7. Nge2 Nbd7 8. h4 Ne5 9. h5 Nxh5 10. Nf4 Nxf4 11. Bxf4 f5 12. Bxe5 Bxe5 13. Qd2 Qa5 14. Ke2 Rf7 15. Rh6 fxe4 16. Bxe4 Bf4 17. Rxg6+ hxg6 18. Qd3 Bg4+ 19. f3 Bf5 20. g3 Be5 21. g4 Bxe4 22. Nxe4 Qb4 23. Rb1 Bf4 24. Nf2 Kg7 25. Nh3 Rh8 26. Nxf4 Rxf4 0-1

[Event "Stuttgart-chB int"]
[Site "Ditzingen"]
[Date "2005.05.06"]
[Round "4"]
[White "Giricz, Thomas"]
[Black "Braun, Joachim"]
[Result "0-1"]
[WhiteElo "1642"]
[BlackElo "1794"]
[PlyCount "50"]
[EventDate "2005.05.05"]
[EventType "swiss"]
[EventRounds "7"]
[EventCountry "GER"]
[SourceTitle "EXT 2018"]
[Source "ChessBase"]
[SourceDate "2017.10.13"]
[SourceVersion "1"]
[SourceVersionDate "2017.10.13"]
[SourceQuality "1"]

1. e4 e5 2. Nf3 Nf6 3. d3 Nc6 4. g3 Bc5 5. Bg2 d6 6. Nc3 Bg4 7. Ne2 Qd7 8. c3 Bh3 9. 0-0 h5 10. d4 exd4 11. cxd4 Bxg2 12. Kxg2 Bb6 13. Qd3 0-0-0 14. a4 Rde8 15. Nc3 h4 16. Nxh4 Bxd4 17. f3 Bc5 18. Nd5 Nxd5 19. Qxd5 Re5 20. Qd3 Reh5 21. f4 d5 22. exd5 Rxd5 23. Qc2 Be7 24. Nf3 Qh3+ 25. Kf2 Qxh2+ 0-1

[Event "Stuttgart-chB int"]
[Site "Ditzingen"]
[Date "2005.05.05"]
[Round "1"]
[White "Marx, Horst"]
[Black "Giricz, Thomas"]
[Result "0-1"]
[WhiteElo "1264"]
[BlackElo "1642"]
[PlyCount "70"]
[EventDate "2005.05.05"]
[EventType "swiss"]
[EventRounds "7"]
[EventCountry "GER"]
[SourceTitle "EXT 2018"]
[Source "ChessBase"]
[SourceDate "2017.10.13"]
[SourceVersion "1"]
[SourceVersionDate "2017.10.13"]
[SourceQuality "1"]

1. e4 d6 2. Nf3 Nf6 3. Nc3 g6 4. Bc4 Bg7 5. h3 0-0 6. d3 c5 7. Be3 Nc6 8. Qd2 a6 9. a3 Bd7 10. Nd5 e6 11. Nxf6+ Bxf6 12. Rb1 Qc7 13. 0-0 Rac8 14. Nh2 Rfd8 15. Ng4 Bg7 16. Bh6 Ne5 17. Bxg7 Nxg4 18. hxg4 Kxg7 19. g5 Bc6 20. Qf4 d5 21. Qf6+ Kg8 22. exd5 Bxd5 23. Bxd5 Rxd5 24. f4 Rf5 25. Qc3 Rxf4 26. Rxf4 Qxf4 27. Qf6 Qd4+ 28. Qf2 Rd8 29. b4 c4 30. dxc4 Qxc4 31. Rf1 Qd4 32. Kh1 Qxf2 33. Rxf2 Rd5 34. g3 Kf8 35. Kg2 Rxg5 0-1